000 01354nam a2200265Ia 4500
003 Ost
005 20260507075454.0
008 260507s9999||||xx |||||||||||||| ||und||
040 _cfsecg
041 _aara
082 _a332.6
100 _aصيام، احمد زكريا
_eمؤلف
245 0 _aمبادئ الاستثمار /
_c احمد زكريا صيام
250 _aطبعة 2
260 _aعمان:
_bدار المناهج للنشر و التوزيع,
_c2003
300 _a161 صفحة؛
_c24 سم
520 _aتضمن الكتاب عشرة فصول عرض من خلالها المفاهين والنظريات ذات العلاقة بالاستثمار مع دراسة المخاطر والعوائد وأثرها على اتخاذ قرار الاستثمار وتكوين المخاطر الاستثمارية و ذلك بدراسة مجالات الاستثمار وخصائص وأدزات الاستثمار المتنوعة وأسواقها وكيفية المفاضلة بين البدائل الاستثمارية لغاية اتخاذ قرار الاتصال
653 _aالإستثمار
653 _aالأسهم
653 _aالأسواق المالية
653 _aالأوراق المالية
653 _aالسندات
653 _aالسوق النقدية-المؤسسات
942 _cكتاب
999 _c44651
_d44651